|
|
|
|
| LEADER |
00988cam a2200253 a 4500 |
| 001 |
c000225442 |
| 003 |
CARM |
| 005 |
20061109153854.0 |
| 008 |
830609s1959 nyua b 001 0 eng d |
| 019 |
1 |
|
|a 2682875
|z 28479151
|5 LACONCORD2021
|
| 035 |
|
|
|a (OCoLC)1088266
|5 LACONCORD2021
|
| 040 |
|
|
|a QUT
|b eng
|c QUT
|d ABN-SNR
|
| 082 |
0 |
4 |
|a 624.171
|
| 100 |
1 |
|
|a Hodge, Philip G.
|q (Philip Gibson),
|d 1920-
|
| 245 |
1 |
0 |
|a Plastic analysis of structures /
|c Philip Gibson Hodge.
|
| 260 |
|
|
|a New York :
|b McGraw-Hill,
|c 1959.
|
| 300 |
|
|
|a 364 p. :
|b ill. ;
|c 24 cm.
|
| 490 |
0 |
|
|a Mcgraw-Hill series in engineering sciences
|
| 504 |
|
|
|a Includes bibliographical references and index.
|
| 650 |
|
0 |
|a Structural analysis (Engineering)
|
| 650 |
|
0 |
|a Structural frames.
|
| 852 |
8 |
|
|b CARM
|h A2:AO11G0
|i C08404
|p 0317711
|f BK
|
| 999 |
f |
f |
|i 8efd2dd8-497c-5378-b7a9-1a74f554833e
|s 98267191-0ab8-5341-9fe0-27ff11263a44
|
| 952 |
f |
f |
|p Can circulate
|a CAVAL
|b CAVAL
|c CAVAL
|d CARM 1 Store
|e C08404
|f A2:AO11G0
|h Other scheme
|i book
|m 0317711
|